[Event "HCL-B3818"]
[Site "www.playchess.de"]
[Date "2006.03.09"]
[Round "7"]
[White "ivusko"]
[Black "XFast_EddieX"]
[WhiteElo "1206"]
[BlackElo "1200"]
[PlyCount "114"]
[Result "0-1"]

1.e4 e5 2.Nf3 d6 3.h3 Nf6 4.d3 g6 5.Bg5 Be7 6.Bh6 
Nh5 7.Be2 Nf4 8.O-O Nc6 9.c3 Be6 10.Qd2 b6 11.Bxf4 
Qc8 12.Kh2 exf4 13.Qxf4 O-O 14.Qh6 Ne5 15.Ng5 Bxg5 
16.Qxg5 Kg7 17.Nd2 c5 18.Nf3 Nxf3+ 19.Bxf3 Qc7 
20.Kh1 Rad8 21.h4 h6 22.Qg3 Qb7 23.h5 d5 24.e5 Qa6 
25.Be2 c4 26.d4 Qb5 27.Rab1 Bf5 28.Rbc1 Qxb2 
29.Bf3 Qxa2 30.hxg6 fxg6 31.e6 Bxe6 32.Qe5+ Kf7 
33.Qf4+ Bf5 34.g4 a5 35.gxf5 gxf5 36.Qc7+ Kg8 
37.Qxb6 Qb3 38.Qxa5 Qb8 39.Bxd5+ Kh7 40.Bxc4 Qf4 
41.Qa7+ Kh8 42.Qe7 Qf3+ 43.Kh2 Qh5+ 44.Kg3 Qg4+ 
45.Kh2 Qf4+ 46.Kh3 Qg4+ 47.Kh2 Qh5+ 48.Kg3 Qg4+ 
49.Kh2 Qh5+ 50.Kg3 Qg4+ 51.Kh2 Qh5+ 52.Kg3 f4+ 
53.Kg2 f3+ 54.Kg3 Qg6+ 55.Kh4 Rf4+ 56.Kh3 Qf5+ 
57.Kh2 Qh5+ 0-1

[Event "HCL-E1581"]
[Site "www.playchess.de"]
[Date "2006.03.09"]
[Round "4"]
[White "ippuli"]
[Black "Josef"]
[WhiteElo "1608"]
[BlackElo "1641"]
[PlyCount "69"]
[Result "1-0"]

1.e4 {Hi! Good luck...}  c5 {hi! good game}  2.d4 
cxd4 3.c3 dxc3 4.Bc4 e6 5.Nf3 Qc7 6.Qb3 Nc6 7.Qa4 
a6 8.Nxc3 Bb4 9.O-O Bxc3 10.bxc3 Nge7 11.Bd3 O-O 
12.e5 Nxe5 13.Nxe5 Qxe5 14.Qc2 h6 15.Ba3 Re8 
16.Rfe1 Qg5 17.Re3 b5 18.Bc1 Qf6 19.Rf3 Qe5 20.Bf4 
Qh5 21.Re1 Bb7 22.Rg3 Nf5 23.Bxf5 Qxf5 24.Qc1 Kf8 
25.Bd6+ Kg8 26.Re5 Qf6 27.Rh5 Kh7 28.Be5 {:)}  Qg6 
{:(}  29.Rxg6 {Njam....}  fxg6 {:-((((}  30.Rh3 
Ref8 31.Qe3 Bd5 32.g4 Rf7 33.a3 Raf8 34.g5 R7xf2 
35.Qxf2 1-0

[Event "HCL-C4215"]
[Site "www.playchess.de"]
[Date "2006.03.09"]
[Round "16"]
[White "Veltliner"]
[Black "Skipper_Robert"]
[WhiteElo "1200"]
[BlackElo "958"]
[PlyCount "77"]
[Result "1-0"]

1.e3 e5 2.Nc3 d6 3.Nf3 Be6 4.g3 d5 5.Nxe5 Bd6 
6.Nf3 Nc6 7.Bb5 Bd7 8.Nxd5 f5 9.b3 a6 10.Be2 Nb4 
11.Nxb4 g6 12.Nd5 Be6 13.Nc3 Qf6 14.Bb2 Qe7 15.Nd5 
Bxd5 16.Bxh8 O-O-O 17.Bd4 g5 18.O-O g4 19.Nh4 Qe4 
20.f3 gxf3 21.Bxf3 Qe6 22.c4 Bc6 23.Bxc6 bxc6 
24.Nxf5 Nf6 25.Ng7 Qg4 26.Bxf6 Qd7 27.Bxd8 Qxg7 
28.Kg2 Kxd8 29.Qf3 Qb2 30.Qf2 Qe5 31.d4 Qe4+ 
32.Qf3 Qg6 33.e4 h5 34.e5 Be7 35.h3 Qg5 36.Rf2 Kd7 
37.h4 Qg7 38.Qxh5 Ke6 39.Qf5+ 1-0

[Event "HCL-C4164"]
[Site "www.playchess.de"]
[Date "2006.03.09"]
[Round "8"]
[White "Concrete_Pluto"]
[Black "Gordon"]
[WhiteElo "1115"]
[BlackElo "1008"]
[PlyCount "71"]
[Result "1-0"]

1.e4 c5 2.Bc4 Nf6 3.Nc3 d6 4.d3 Qa5 5.Bd2 Qd8 
6.Nd5 Nbd7 7.b4 b6 8.a4 a5 9.b5 Ne5 10.h3 e6 
11.Nxf6+ Qxf6 12.f4 Nxc4 13.dxc4 Qd4 14.Ne2 Qxe4 
15.Rg1 e5 16.Qc1 Qxc4 17.Qb2 Be7 18.fxe5 dxe5 
19.Qxe5 f6 20.Qc3 Qh4+ 21.Kd1 Bf5 22.Qf3 Bxc2+ 
23.Kxc2 Qc4+ 24.Nc3 O-O 25.Rge1 Rfe8 26.Rxe7 Rxe7 
27.Qxa8+ Kf7 28.Re1 Rxe1 29.Bxe1 Qe6 30.Qb7+ Kg6 
31.Bd2 h5 32.Qf3 f5 33.Nd5 Qd6 34.g4 fxg4 35.hxg4 
h4 36.Qf5+ 1-0

[Event "HCL-C4108"]
[Site "www.playchess.de"]
[Date "2006.03.09"]
[Round "4"]
[White "Idris"]
[Black "Skipper_Robert"]
[WhiteElo "844"]
[BlackElo "982"]
[PlyCount "73"]
[Result "1-0"]

1.e4 e5 2.Nf3 d6 3.Bd3 Nc6 4.b3 Be6 5.Bb2 Nf6 
6.Nc3 a6 7.Qe2 Be7 8.Ng5 Qd7 9.O-O O-O-O 10.Bxa6 
Nb4 11.Bxb7+ Kxb7 12.Rfc1 Ng4 13.Nxe6 Qxe6 14.Qb5+ 
Kc8 15.Qxb4 Qf6 16.f3 Nh6 17.Qa5 c6 18.Qb6 Kd7 
19.Qb7+ Ke8 20.Qxc6+ Kf8 21.Nd5 Qg5 22.Nxe7 Qxe7 
23.a4 f5 24.d3 Qg5 25.a5 Kf7 26.a6 fxe4 27.Qxe4 
Nf5 28.Qd5+ Ke7 29.b4 Ne3 30.f4 Qxf4 31.Qf3 Qxb4 
32.Qxe3 Qxb2 33.Qg5+ Ke8 34.a7 Qb7 35.Rcb1 Qc6 
36.Rb8 Rxb8 37.axb8Q+ 1-0

[Event "HCL-C4215"]
[Site "www.playchess.de"]
[Date "2006.03.09"]
[Round "15"]
[White "Skipper_Robert"]
[Black "Veltliner"]
[WhiteElo "958"]
[BlackElo "1200"]
[PlyCount "82"]
[Result "0-1"]

1.d4 {Auf ein Neues!!}  d5 {Hallo, wünsche ein 
gutes Spiel!}  2.Nc3 e6 3.e3 Nf6 4.Bd3 c5 5.Bb5+ 
Bd7 6.dxc5 Bxb5 7.Nxb5 Qa5+ 8.Nc3 Bxc5 9.a3 Qa6 
10.Bd2 O-O 11.Qe2 Qd6 12.Nf3 a6 13.O-O Nbd7 14.h3 
Ba7 15.b4 Bb8 16.g3 e5 17.e4 d4 18.Nd1 Qc6 19.Re1 
Qxc2 20.Rc1 Qb3 21.Ra1 Qe6 22.Ng5 Qc6 23.h4 h6 
24.Nf3 Qe6 {Hallo Robert, schöne Bilder die du auf 
deiner HP hast. Fahren heuer vielleicht nach 
Deutschland, wahrscheinlich aber in die andere 
Richtung (Sylt oder irgend solch kleine Insel).}  
25.Kg2 {Na dann viel Spaß an der See. Im Herbst 
bin ich wieder auf der Ostsee unterwegs. Wenn Ihr 
Interesse habt, sollten wir in Verbindung 
bleiben.
Man muss dabei auch nicht zwingend Segler sein!}  
Ba7 {Fahren im August, sind eine ganze Gruppe. 
Danke für dein Angebot, muß mit den anderen reden, 
vielleicht komm ich darauf retour. Segler ist aber 
keiner dabei.}  26.Rc1 Qd6 27.Nb2 b5 28.Reh1 Rac8 
29.h5 Rxc1 30.Bxc1 Kh7 31.Rh4 Qc6 32.Nd3 Qe6 
33.Bg5 Qb3 34.Bc1 Rc8 35.g4 Rc2 36.Qe3 dxe3 
37.Bxe3 {Man bin ich blind!!!!!!!}  Qxd3 38.Kg3 
Nxe4+ 39.Kh3 Qf1+ 40.Kh2 Bxe3 41.Rh3 
Rxf2+ 0-1

[Event "HCL-A2634"]
[Site "www.playchess.de"]
[Date "2006.03.09"]
[Round "9"]
[White "Wernswig"]
[Black "hal1958"]
[WhiteElo "1390"]
[BlackElo "1403"]
[PlyCount "80"]
[Result "0-1"]

1.e4 {good luck for our 18th game}  d6 {good luck 
to you to}  2.f4 Nf6 3.Nc3 g6 4.Nf3 a6 5.Bc4 b5 
6.Bb3 e6 7.O-O c5 8.d3 Bg7 9.e5 dxe5 10.fxe5 Nfd7 
11.Bg5 Qc7 12.Bf4 O-O 13.Re1 Nc6 14.Qe2 Bb7 15.a4 
b4 16.Nd1 Na5 17.Nf2 Nxb3 18.cxb3 Bd5 19.d4 Bxb3 
20.Rac1 c4 21.Nd2 Qa5 22.Nxc4 Bxc4 23.Qxc4 Nb6 
24.Qa2 Qxa4 25.Rca1 Qxa2 26.Rxa2 Nd5 27.Be3 Rfc8 
28.Nd3 a5 29.Nc5 Bf8 30.Nd7 Rc2 31.Bc1 Rac8 32.Ra1 
R8c7 33.Nxf8 Kxf8 34.Bh6+ Ke7 35.Rxa5 Rxb2 36.Ra8 
Rcc2 37.Bf8+ Kd7 38.Kf1 Rcf2+ 39.Kg1 Rfxg2+ 40.Kf1 
Rbf2+ 0-1

[Event "HCL-C4168"]
[Site "www.playchess.de"]
[Date "2006.03.09"]
[Round "7"]
[White "Skipper_Robert"]
[Black "mudelta"]
[WhiteElo "1008"]
[BlackElo "1163"]
[PlyCount "69"]
[Result "1-0"]

1.d4 d5 2.Nc3 f5 3.Nf3 Nf6 4.e3 e6 5.Bd3 Bb4 6.Bd2 
Bd7 7.Qe2 c5 8.dxc5 Bxc5 9.Ne5 O-O 10.h3 b5 
11.Nxd7 Nbxd7 12.Nxb5 Rb8 13.O-O e5 14.Bxf5 e4 
15.Bc3 Nb6 16.Nxa7 Nfd7 17.Nc6 Qc7 18.Nxb8 Qxb8 
19.Qh5 Nf6 20.Bxf6 h6 21.Be6+ Kh7 22.Be5 Qa7 
23.Bf5+ Kg8 24.Qg6 Rf7 25.Be6 Nc4 26.Bxf7+ Qxf7 
27.Qxg7+ Qxg7 28.Bxg7 Kxg7 29.b3 Na3 30.Rac1 Bd6 
31.Rfd1 Nb5 32.Rxd5 Nc3 33.Rxd6 Ne2+ 34.Kf1 Nxc1 
35.Ra6 1-0

[Event "HCL-B3795"]
[Site "www.playchess.de"]
[Date "2006.03.09"]
[Round "1"]
[White "mn"]
[Black "pirracas"]
[WhiteElo "1245"]
[BlackElo "1800"]
[PlyCount "66"]
[Result "0-1"]

1.e4 {hola to mexiko}  c5 {Guten morgen Autria, 
Good luck}  2.Nf3 {good morning (in Austria, it's 
evening)}  Nc6 {Gutten Morgen fur mich, gutten tag 
fur dich, I hope I spell it ok}  3.c3 {i hope, you 
don't play chess as well as you speak german....}  
d6 {I have bad news, I play worst :)}  4.Bc4 {all 
news are good news...}  Bg4 5.h3 Bh5 6.g4 Bg6 
7.Ng5 h6 8.Nxf7 Bxf7 9.Bxf7+ Kxf7 10.Qb3+ Ke8 
11.Qxb7 Qc8 12.Qb5 Rb8 13.Qc4 Nf6 14.d3 Ne5 
15.Qa4+ Qd7 16.Qxd7+ Nfxd7 17.d4 Nd3+ 18.Kd2 Nxf2 
19.Rh2 Nxe4+ 20.Kd3 Ndf6 21.Bf4 cxd4 22.cxd4 g5 
23.Be3 d5 24.Nc3 e6 25.Rf1 Bd6 26.Rc2 Rf8 27.a3 
Nxc3 28.Rxc3 Rxb2 29.Rc8+ Kf7 30.Rxf8+ Bxf8 31.a4 
Ra2 32.Bd2 Kg6 33.Ba5 Be7 0-1

[Event "HCL-C4120"]
[Site "www.playchess.de"]
[Date "2006.03.09"]
[Round "1"]
[White "VITAL"]
[Black "cxstevec"]
[WhiteElo "1293"]
[BlackElo "1276"]
[PlyCount "49"]
[Result "1-0"]

1.e4 {hallo}  c5 {Hi, have a nice game}  2.e5 e6 
3.Bc4 g6 4.d4 cxd4 5.Nf3 Bg7 6.Qxd4 Ne7 7.Ng5 Nbc6 
8.Qh4 h6 9.Nf3 h5 10.Bg5 O-O 11.Bb5 Qa5+ 12.Nc3 
Nb4 13.O-O Ned5 14.Nxd5 Nxd5 15.Bd3 b6 16.a3 Qc5 
17.g4 Qc6 18.gxh5 Bb7 19.hxg6 fxg6 20.Bxg6 Rxf3 
21.Qh7+ Kf8 22.Rad1 Ne3 23.fxe3 Rxf1+ 24.Rxf1+ Bf6 
25.Qf7+ 1-0

[Event "HCL-A2639"]
[Site "www.playchess.de"]
[Date "2006.03.09"]
[Round "7"]
[White "archship"]
[Black "TyrTRR"]
[WhiteElo "1301"]
[BlackElo "1820"]
[PlyCount "52"]
[Result "0-1"]

1.e4 d6 {Hello, nice to meet you.  Good luck in 
our game.}  2.d4 {Good luch to you too.}  Nf6 
3.Nc3 g6 4.e5 dxe5 5.dxe5 Qxd1+ 6.Nxd1 Nd5 7.Nf3 
Bg7 8.Bc4 c6 9.Ne3 Nb6 10.Bb3 O-O 11.Ng4 Bxg4 
12.Bg5 {I hate it when I make a blunder like 
that.
}  Bxf3 {Yes, I hate that also =(  I try to take 
as few moves at work as possible because I don't 
take the time I need to make my move.  It is too 
bad because this game was very interesting to me.  
First time that someone has played this way.}  
13.gxf3 {Believe me, I didn't intentionally play 
that way.  I just get caught up in moving too 
quickly, because I only play during breaks at 
work.}  e6 {Sorry, I meant that the this was the 
first time that someone had played that variation, 
not the first time someone has dropped a piece in 
oversight =)}  14.Be7 Re8 15.Bd6 N8d7 16.O-O-O 
Bxe5 17.Bxe5 Nxe5 18.f4 Ng4 19.Rd2 Rad8 20.Rxd8 
Rxd8 21.f3 Nf6 22.h4 Nbd5 23.Rd1 Rd7 24.c4 Nxf4 
25.Rxd7 Nxd7 26.Kd2 Ng2 0-1

[Event "HCL-B3779"]
[Site "www.playchess.de"]
[Date "2006.03.09"]
[Round "9"]
[White "mn"]
[Black "eisbaer17"]
[WhiteElo "1173"]
[BlackElo "1200"]
[PlyCount "72"]
[Result "0-1"]

1.e4 c5 2.c3 Nc6 3.d4 cxd4 4.cxd4 d5 5.Nc3 dxe4 
6.Bb5 Qa5 7.Qa4 Qxa4 8.Bxa4 Bd7 9.d5 Nb4 10.Bxd7+ 
Kxd7 11.Bf4 Nc2+ 12.Kd2 Nxa1 13.Nxe4 Rc8 14.Nf3 
Nc2 15.Ne5+ Ke8 16.Rc1 Nf6 17.Nxf6+ exf6 18.Nd3 
Kd7 19.Rxc2 Bd6 20.Be3 Rxc2+ 21.Kxc2 Rc8+ 22.Kd2 
Bxh2 23.g3 h6 24.Ne1 g5 25.Nf3 Bxg3 26.fxg3 Kd6 
27.Bxa7 Kxd5 28.Bd4 g4 29.Nh2 Kxd4 30.Nxg4 Rg8 
31.Nxh6 Rg6 32.Nf5+ Ke5 33.g4 Rxg4 34.Nh6 Rg2+ 
35.Kc3 Ke6 36.a4 Rg6 0-1

[Event "HCL-E1552"]
[Site "www.playchess.de"]
[Date "2006.03.09"]
[Round "5"]
[White "Marius_sah"]
[Black "golddim"]
[WhiteElo "1675"]
[BlackElo "1441"]
[PlyCount "64"]
[Result "0-1"]

1.e4 {Hi. Good luck!}  e5 {Thanks, good luck.}  
2.Nf3 Nc6 3.Bb5 a6 4.Ba4 Nf6 5.O-O Be7 6.Re1 b5 
7.Bb3 d6 8.h3 Na5 9.c3 Nxb3 10.Qxb3 c5 11.d4 cxd4 
12.cxd4 O-O 13.dxe5 dxe5 14.Nxe5 Bb7 15.Nc3 Qc7 
16.Nf3 Rad8 17.Bg5 b4 18.Bxf6 bxc3 19.Bxe7 Qxe7 
20.Qxc3 Rfe8 21.Nd2 Qg5 22.Nf3 Qg6 23.Ne5 Qe6 
24.f4 f6 25.Nf3 Bxe4 26.Kh1 Rdc8 27.Qe3 Bd5 28.Qa7 
Qc6 29.Rec1 Qa8 30.Qxa8 Rcxa8 31.Nd4 Re4 32.Nf5 
Re2 0-1

[Event "HCL-C4120"]
[Site "www.playchess.de"]
[Date "2006.03.09"]
[Round "11"]
[White "VITAL"]
[Black "Tribun"]
[WhiteElo "1293"]
[BlackElo "800"]
[PlyCount "63"]
[Result "1/2-1/2"]

1.e4 e5 2.Nf3 Nc6 3.Bc4 d6 4.d4 Qe7 5.d5 Nb4 6.a3 
Na6 7.h3 Nf6 8.Bg5 h6 9.Bxf6 Qxf6 10.Nc3 Nc5 11.b4 
Nd7 12.O-O b6 13.Nb5 Qd8 14.Nc3 g5 15.a4 Nf6 16.a5 
Rb8 17.b5 c5 18.a6 g4 19.Nh4 Rg8 20.hxg4 Rxg4 
21.Nf5 Bxf5 22.f3 Rg3 23.exf5 Nh5 24.Ne4 Qh4 
25.Nxg3 Nxg3 26.Kf2 Nxf5+ 27.Kg1 Ng3 28.Kf2 Ne4+ 
29.Kg1 Ng3 30.Kf2 Ne4+ 31.Kg1 Ng3 
32.Kf2 1/2-1/2

[Event "HCL-M835"]
[Site "www.playchess.de"]
[Date "2006.03.09"]
[Round "33"]
[White "edmonte"]
[Black "mige"]
[WhiteElo "2162"]
[BlackElo "1789"]
[PlyCount "56"]
[Result "0-1"]

1.e4 e5 2.Nf3 Nc6 3.Bb5 a6 4.Ba4 Nf6 5.O-O Be7 
6.Re1 b5 7.Bb3 d6 8.c3 Na5 9.Bc2 c5 10.a4 Bb7 
11.b4 cxb4 12.cxb4 Nc6 13.axb5 axb5 14.Rxa8 Bxa8 
15.Bd3 Qb6 16.Nc3 Na7 17.Bb2 O-O 18.Qe2 Bc6 19.Ra1 
Rb8 20.Bc2 Bd7 21.Nd5 Nxd5 22.exd5 Rb7 23.d4 f6 
24.Bd3 Be8 25.Bf5 Bf7 26.Qe4 g6 27.Be6 f5 28.Bxf7+ 
Kxf7 0-1

[Event "HCL-A2621"]
[Site "www.playchess.de"]
[Date "2006.03.09"]
[Round "2"]
[White "PhilipKaveny"]
[Black "bossjos"]
[WhiteElo "1324"]
[BlackElo "1244"]
[PlyCount "25"]
[Result "1-0"]

1.e4 e5 2.d4 exd4 3.c3 d6 4.Bc4 Nf6 5.Nf3 {By the 
hello nice to play again}  Bg4 {good game !")}  
6.cxd4 Nc6 7.O-O Be7 8.d5 Ne5 9.Bb5+ Nfd7 10.Be2 
Nxf3+ 11.Bxf3 Nc5 12.Bxg4 Nxe4 
13.Qa4+ 1-0

[Event "HCL-C4096"]
[Site "www.playchess.de"]
[Date "2006.03.09"]
[Round "5"]
[White "lui123matt"]
[Black "vampir"]
[WhiteElo "800"]
[BlackElo "800"]
[PlyCount "50"]
[Result "0-1"]

1.e4 d5 2.Nc3 d4 3.Nb5 Nf6 4.Qf3 Nc6 5.Qg3 e5 
6.Nf3 Nxe4 7.Qh4 Nf6 8.Bc4 a6 9.Na3 Bxa3 10.Ng5 
O-O 11.bxa3 Bf5 12.d3 Qd6 13.O-O h6 14.Nf3 e4 
15.dxe4 Bxe4 16.Bf4 Qxa3 17.Bxh6 Bxf3 18.Qg3 Nh5 
19.Qg5 Qe7 20.gxf3 Qxg5+ 21.Bxg5 Rae8 22.Rab1 b5 
23.Bd5 Re5 24.Bxc6 Rxg5+ 25.Kh1 
Rc5 0-1

[Event "HCL-A2648"]
[Site "www.playchess.de"]
[Date "2006.03.09"]
[Round "6"]
[White "shadow_cup"]
[Black "hodzic9"]
[WhiteElo "1413"]
[BlackElo "1600"]
[PlyCount "65"]
[Result "1-0"]

1.e3 e5 2.Nf3 d6 3.d4 exd4 4.exd4 d5 5.Bd3 Be7 
6.c4 dxc4 7.Bxc4 Bg4 8.O-O Bf6 9.Qb3 b6 10.Bxf7+ 
Kf8 11.Bd5 c6 12.Bxg8 Rxg8 13.Re1 Bxf3 14.Qxf3 
Qxd4 15.Nc3 Qb4 16.Re4 Qd6 17.Bf4 Qd8 18.Rd1 Qc8 
19.Ne2 Kf7 20.Qb3+ Kg6 21.Qd3 Rd8 22.Rd4+ Qf5 
23.Qg3+ Kf7 24.R4xd8 Bxd8 25.Rxd8 Qe4 26.Qe3 Qxe3 
27.fxe3 Ke7 28.Rxb8 Rxb8 29.Bxb8 a6 30.Ba7 b5 
31.Kf2 g5 32.Kf3 h5 33.Ke4 1-0

[Event "HCL-B3745"]
[Site "www.playchess.de"]
[Date "2006.03.10"]
[Round "8"]
[White "Sarek7"]
[Black "SH"]
[WhiteElo "1138"]
[BlackElo "807"]
[PlyCount "82"]
[Result "0-1"]

1.e4 g6 2.d4 Bg7 3.Nc3 d6 4.Bc4 e5 5.dxe5 Bxe5 
6.Nf3 Bxc3+ 7.bxc3 Nf6 8.Bh6 Be6 9.Bxe6 fxe6 
10.O-O Nxe4 11.Qd4 Qf6 12.Qxf6 Nxf6 13.Bg7 Rf8 
14.Bxf8 Kxf8 15.Ng5 e5 16.f4 Nbd7 17.Rab1 b6 
18.Ne6+ Ke7 19.Nxc7 Rc8 20.fxe5 Nxe5 21.Rbe1 Rxc7 
22.Re3 Ke6 23.Rfe1 a5 24.g3 Nfg4 25.R3e4 h5 26.h3 
Nf6 27.R4e2 Rxc3 28.Kf2 Kf5 29.Rf1 Ke6 30.Kg2 Nd5 
31.Rf8 Ne3+ 32.Kf2 Nf5 33.g4 Rf3+ 34.Ke1 hxg4 
35.hxg4 Nd4 36.Re8+ Kd5 37.Rd2 Rf4 38.c3 Nef3+ 
39.Kd1 Nxd2 40.Kxd2 Nf3+ 41.Ke2 
Ng1+ 0-1

[Event "HCL-B3609"]
[Site "www.playchess.de"]
[Date "2006.03.10"]
[Round "16"]
[White "PAQUIN2"]
[Black "Daniela_Rodenas"]
[WhiteElo "1200"]
[BlackElo "1191"]
[PlyCount "143"]
[Result "1-0"]

1.e4 {Hola. Suerte en el juego.}  e5 {Para usted 
tambien. Del Rio de janeiro}  2.Nf3 Nc6 3.Bb5 a6 
4.Ba4 Nf6 5.O-O d6 6.c3 Bd7 7.d4 Be7 8.Re1 O-O 
9.Bg5 h6 10.Bh4 Rc8 11.dxe5 dxe5 12.Nbd2 Re8 
13.Bxc6 Bxc6 14.Nxe5 Bb5 15.c4 Bd7 16.Qc2 Be6 
17.Rad1 Qd4 18.Ndf3 Qc5 19.Qc3 c6 20.b4 Qxb4 
21.Qb3 Rcd8 22.Nd3 Qxb3 23.axb3 g5 24.Bg3 Nh5 
25.Be5 f6 26.Bb2 Bg4 27.Re3 Bc5 28.Ree1 Bxf3 
29.gxf3 Kg7 30.Nxc5 Rxd1 31.Rxd1 Re7 32.Rd7 Rxd7 
33.Nxd7 Kf7 34.e5 fxe5 35.Nxe5+ Ke6 36.Ng4 Nf4 
37.Nxh6 c5 38.Ng4 Kf5 39.Ne3+ Ke6 40.Kf1 Nd3 
41.Ba3 b6 42.Kg2 b5 43.Kg3 b4 44.Bxb4 Nxb4 45.Kg4 
Nd3 46.Nf1 Nxf2+ 47.Kxg5 Nd3 48.h4 Kf7 49.h5 Kg7 
50.f4 Nc1 51.Nd2 a5 52.f5 Nd3 53.f6+ Kh7 54.f7 Kg7 
55.f8Q+ Kxf8 56.Kg6 Kg8 57.Ne4 Ne5+ 58.Kf5 Nd3 
59.Kg5 Kg7 60.h6+ Kh7 61.Nf6+ Kh8 62.Ne4 Ne5 
{(offering draw)}  63.Kf6 {Thank you for the 
offer, but I still hope to win. Good luck.}  Nd3 
64.Ke6 Kh7 65.Kd6 Kxh6 66.Nxc5 Nc1 67.Kc6 Nxb3 
68.Nxb3 a4 69.Nc1 a3 70.c5 Kg7 71.Kd7 Kf7 
72.c6 1-0

[Event "HCL-M890"]
[Site "www.playchess.de"]
[Date "2006.03.10"]
[Round "6"]
[White "temple"]
[Black "maik42_"]
[WhiteElo "1731"]
[BlackElo "2196"]
[PlyCount "78"]
[Result "0-1"]

1.d4 {Hello,gg.}  Nf6 {thx have fun}  2.Nf3 g6 
3.c4 Bg7 4.Nc3 O-O 5.e4 d6 6.Bd3 Nbd7 7.O-O c6 
8.Bg5 Qc7 9.Qd2 e5 10.d5 Nc5 11.Bc2 Bg4 12.Nh4 a5 
13.h3 Bd7 14.Bh6 cxd5 15.exd5 Qb6 16.Rab1 Qb4 
17.Bxg7 Kxg7 18.b3 Nxd5 19.cxd5 Qxh4 20.a3 f5 
21.f4 e4 22.Qd4+ Qf6 23.Qxf6+ Kxf6 24.a4 Rac8 
25.Rfc1 Rfe8 26.Rce1 Na6 27.Re3 Nb4 28.Bd1 Rc5 
29.g4 Nd3 30.g5+ Kg7 31.Ne2 Rxd5 32.h4 Rc8 33.Rh3 
Nc1 34.Nc3 Rxc3 35.Rxc3 Rxd1+ 36.Kh2 Rd2+ 37.Kh1 
Nd3 38.Rc7 Nc5 39.Rc1 Kg8 0-1

[Event "HCL-A2577"]
[Site "www.playchess.de"]
[Date "2006.03.10"]
[Round "10"]
[White "Silverov"]
[Black "ranzpens"]
[WhiteElo "1800"]
[BlackElo "1800"]
[PlyCount "24"]
[Result "0-1"]

1.e4 c5 2.Nc3 d6 3.Bb5+ Bd7 4.Bxd7+ Nxd7 5.f4 Ngf6 
6.Nf3 e6 7.e5 dxe5 8.fxe5 Ng4 9.d4 cxd4 10.Qxd4 h5 
11.Ne4 Ngxe5 12.Nxe5 Qa5+ 0-1

[Event "HCL-A2628"]
[Site "www.playchess.de"]
[Date "2006.03.10"]
[Round "7"]
[White "maus"]
[Black "sonnygarcia"]
[WhiteElo "1382"]
[BlackElo "1051"]
[PlyCount "43"]
[Result "1-0"]

1.e4 {hello}  e6 2.d4 d5 {Shalom!}  3.e5 
{WOW!Shalom mi Israel!Do you speek Hebrew?}  c5 
{Nope. But I knww some hebrew words. I teach 
theology in a university}  4.Nf3 {i 
understand,o.k.,beuateful}  Nc6 5.Bb5 Bd7 6.Nc3 
cxd4 7.Bxc6 bxc6 8.Nxd4 c5 9.Nf3 Ne7 10.Ng5 Ng6 
11.f4 Be7 12.O-O Nxe5 13.fxe5 O-O 14.Qh5 Bxg5 
15.Bxg5 f6 16.exf6 gxf6 17.Bh6 Rf7 18.Rf3 Be8 
19.Rg3+ Kh8 20.Qg4 Bd7 21.Bg7+ Rxg7 
22.Qxg7+ 1-0

[Event "ACL-A655"]
[Site "www.playchess.de"]
[Date "2006.03.10"]
[Round "13"]
[White "Kimura"]
[Black "Eishockeytorwart"]
[WhiteElo "1856"]
[BlackElo "1500"]
[PlyCount "46"]
[Result "0-1"]

1.e4 e5 {welcome from germany}  2.Nf3 {HEllo from 
Washington DC}  Nc6 3.d4 exd4 4.Nxd4 Nf6 5.Nxc6 
bxc6 6.e5 Qe7 7.Qe2 Nd5 8.c4 Qb4+ 9.Nd2 Nf4 10.Qe3 
Ng6 11.Bd3 Bc5 12.Qe4 O-O 13.O-O Re8 14.a3 Qb7 
15.Nf3 Bd6 16.Bf4 Bxe5 17.Nxe5 d6 18.Bg3 dxe5 
19.Qf3 Rb8 20.Rfe1 f6 21.b4 c5 22.Qe3 Qb6 23.f4 
cxb4 0-1

[Event "HCL-M876"]
[Site "www.playchess.de"]
[Date "2006.03.10"]
[Round "5"]
[White "DANTONIFAYARD"]
[Black "Nonni"]
[WhiteElo "1693"]
[BlackElo "2124"]
[PlyCount "66"]
[Result "0-1"]

1.d4 Nf6 2.c4 g6 3.Nc3 Bg7 4.e4 d6 5.Nf3 O-O 6.Bd3 
e5 7.dxe5 dxe5 8.Bg5 h6 9.Bh4 Nc6 10.Nd5 g5 11.Bg3 
Bg4 12.h4 Nh5 13.hxg5 hxg5 14.Qd2 Nf4 15.Bf1 Bxf3 
16.gxf3 Nd4 17.O-O-O c6 18.Ne3 Qb6 19.Ng4 Rfd8 
20.Qe3 Rd7 21.Kb1 Rad8 22.Rc1 c5 23.Qa3 Nfe2 
24.Bxe2 Nxe2 25.Rce1 R7d3 26.Qxd3 Rxd3 27.Rxe2 Qd6 
28.Ne3 Qd4 29.b3 f5 30.Ree1 Rd2 31.Nc2 Qc3 32.Rec1 
f4 33.Bh2 Qxf3 0-1

[Event "HCL-A2602"]
[Site "www.playchess.de"]
[Date "2006.03.10"]
[Round "18"]
[White "RUDI"]
[Black "kilani"]
[WhiteElo "1247"]
[BlackElo "1299"]
[PlyCount "85"]
[Result "0-1"]

1.c4 {hello from Germany}  e5 2.Nc3 Nf6 3.e4 Bb4 
4.Nge2 O-O 5.a3 Be7 6.g3 Nc6 7.Bg2 d6 8.O-O Bg4 
9.Nd5 Nxd5 10.exd5 Nd4 11.Re1 Nxe2+ 12.Rxe2 Bxe2 
13.Qxe2 Qd7 14.b4 Rfe8 15.d3 c6 16.dxc6 bxc6 
17.Be3 Rac8 18.a4 d5 19.f3 Bxb4 20.Rd1 a5 21.cxd5 
cxd5 22.Ra1 Rc7 23.Qd1 Rec8 24.f4 f6 25.fxe5 fxe5 
26.Bd2 Bxd2 27.Qxd2 R7c2 28.Qxa5 R2c1+ 29.Rxc1 
Rxc1+ 30.Bf1 e4 31.dxe4 dxe4 32.Qa8+ Kf7 33.Qxe4 
Rd1 34.Qc4+ Ke7 35.Qe4+ Kf7 36.Qf3+ Ke8 37.Qa8+ 
Qd8 38.Qe4+ Kf8 39.Qf5+ Kg8 40.Qe6+ Kh8 41.Qe3 h6 
42.Kg2 Qa8+ 43.Kh3 0-1

[Event "HCL-B3757"]
[Site "www.playchess.de"]
[Date "2006.03.10"]
[Round "6"]
[White "Bense"]
[Black "Concrete_Pluto"]
[WhiteElo "1063"]
[BlackElo "1107"]
[PlyCount "198"]
[Result "0-1"]

1.e4 {Hi, Do you live in Ghana? Your Web site 
links to the U.K.}  e6 {I am a Ghanaian currently 
in the UK}  2.d3 {Nice to meet you. Good luck.}  
h6 3.Nf3 Nc6 4.c3 b5 5.d4 a6 6.Nbd2 d5 7.e5 f6 
8.Qe2 g5 9.Qd3 Qe7 10.Nb3 Bg7 11.exf6 Nxf6 12.Bd2 
e5 13.dxe5 Nxe5 14.Nxe5 Qxe5+ 15.Be2 Bf5 16.Qe3 
Nd7 17.Nc5 Qxe3 18.Bxe3 O-O 19.O-O-O Nxc5 20.Bxc5 
Rfe8 21.Bf3 c6 22.Bh5 Re4 23.f3 Re2 24.g3 Bf8 
25.Bxf8 Rxf8 26.f4 Re3 27.h3 Rxg3 28.fxg5 Rxg5 
29.Rdg1 Kh7 30.Rxg5 hxg5 31.Kd2 Be4 32.Rg1 Kh6 
33.Bg4 Rf2+ 34.Kc1 Bf3 35.Bc8 Kh5 36.Bxa6 Re2 
37.Bb7 d4 38.cxd4 Kh4 39.a3 Rg2 40.Rf1 Kg3 41.b3 
Ra2 42.Rg1+ Kh4 43.Kb1 Rxa3 44.Kb2 Ra7 45.Bc8 Rc7 
46.Be6 Re7 47.Bc8 Re8 48.Bd7 Rd8 49.Bg4 Bxg4 
50.Rxg4+ Kxh3 51.Rxg5 Rxd4 52.Rc5 Rd6 53.b4 Kg3 
54.Kc3 Kf4 55.Rh5 Ke3 56.Re5+ Kf4 57.Rh5 Ke4 
58.Rc5 Rd3+ 59.Kc2 Rd4 60.Kc3 Rd3+ 61.Kc2 Rd6 
62.Kc3 Rd4 63.Rxc6 Rd3+ 64.Kc2 Rd4 65.Kb3 Ke3 
66.Rc5 Rd3+ 67.Kc2 Ke2 68.Kb2 Rd2+ 69.Kc3 Rd3+ 
70.Kc2 Rd2+ 71.Kc1 Rd1+ 72.Kb2 Rd2+ 73.Kb3 Rd3+ 
74.Kb2 Rd2+ 75.Kc3 Rd3+ 76.Kb2 Rd2+ 77.Kc3 Rd3+ 
78.Kb2 Rd2+ 79.Kb3 Rd3+ 80.Rc3 Rxc3+ 81.Kxc3 Ke3 
82.Kc2 Kd4 83.Kb3 Kd3 84.Kb2 Kc4 85.Ka3 Kc3 86.Ka2 
Kxb4 87.Kb2 Kc4 88.Kc2 b4 89.Kb2 b3 90.Kc1 Kc3 
91.Kb1 b2 92.Ka2 Kc2 93.Ka3 b1Q 94.Ka4 Kc3 95.Ka5 
Kc4 96.Ka6 Kc5 97.Ka7 Kc6 98.Ka8 Kc7 {now what 
next? Move 100?}  99.Ka7 {Death thanks for the 
game.I knew I should have played the draw but that 
would be boring. Well done!}  Qa1+ {Cheers. I the 
draw was definitely an option earlier} 
 0-1

[Event "HCL-B3895"]
[Site "www.playchess.de"]
[Date "2006.03.10"]
[Round "19"]
[White "willi_weizenkeim"]
[Black "Ultimate"]
[WhiteElo "1012"]
[BlackElo "1681"]
[PlyCount "40"]
[Result "0-1"]

1.c4 {hallöle, .. viel erfolg !}  Nf6 {hallöle 
zurück, wünsch ich Dir auch!!}  2.e3 e5 3.Nf3 Nc6 
4.Be2 e4 5.Nd4 Nxd4 6.exd4 d5 7.c5 Be7 8.b4 O-O 
9.Nc3 b6 10.d3 a5 11.Ba3 axb4 12.Bxb4 bxc5 13.dxc5 
e3 14.fxe3 d4 15.exd4 Qxd4 16.Qb3 Ng4 17.Bxg4 Bxg4 
18.Ne4 Qe3+ 19.Kf1 Be2+ 20.Ke1 
Bf3+ 0-1

[Event "HCL-A2640"]
[Site "www.playchess.de"]
[Date "2006.03.10"]
[Round "3"]
[White "cliffoliveira"]
[Black "MimiSiku"]
[WhiteElo "1435"]
[BlackElo "1462"]
[PlyCount "71"]
[Result "1/2-1/2"]

1.d4 e6 2.c4 d5 3.Nf3 Nf6 4.Nc3 Be7 5.Bf4 O-O 6.e3 
c5 7.cxd5 Nxd5 8.Nxd5 Qxd5 9.Be2 Nc6 10.O-O cxd4 
11.Nxd4 Nxd4 12.Qxd4 Qxd4 13.exd4 Bd7 14.Rac1 Rac8 
15.Bf3 b6 16.Bb7 Rcd8 17.Rc7 Rfe8 18.Rfc1 Bb5 
19.Bc6 Bxc6 20.R1xc6 Rxd4 21.g3 g5 22.Be3 Ra4 
23.a3 h6 24.Bd2 Bc5 25.Bc3 a5 26.Bxa5 Rxa5 27.b4 
Rxa3 28.bxc5 bxc5 29.R6xc5 Rd8 30.Re7 Kg7 31.Rcc7 
Ra1+ {(offering draw)}  32.Kg2 Rf8 33.Rxe6 Ra5 
34.Rd6 Rf5 35.Rcc6 Re8 36.Rd2 {(offering draw)} 
 1/2-1/2